| 000 | 00786nam a2200229 a 4500 | ||
|---|---|---|---|
| 001 | 969 | ||
| 003 | CDMR | ||
| 005 | 20131105103900.0 | ||
| 008 | 130130s1998||||||||||||||||||||||||||||d | ||
| 020 | _a8489643849 | ||
| 040 |
_aCDMR _bcat _cCDMR |
||
| 100 | 1 |
_aFalcón Osorio, Pilar _9755 |
|
| 245 | 1 | 3 |
_aEl imperio rosa _b: poder e influencia de la prensa del corazón _cPilar Falcón Osorio ; prólogo de Jesús Timoteo Álvarez |
| 260 |
_aBarcelona _c1998 _bCIMS 97 |
||
| 490 | 0 |
_aLibros de Comunicación Global _v11 |
|
| 650 | 0 | 4 |
_93099 _aSensacionalisme en la premsa |
| 650 | 0 | 4 |
_93301 _aRevistes del cor _xHistòria |
| 650 | 0 | 4 |
_93469 _aRevistes _zEspanya |
| 650 | 0 | 4 |
_93542 _aMitjans de comunicació de massa _xInfluència |
| 700 | 1 |
_91142 _aTimoteo Álvarez, Jesús _epr. |
|
| 942 |
_cMON _2udc |
||
| 999 |
_c969 _d969 |
||